| 000 | 00643nam a2200205Ia 4500 | ||
|---|---|---|---|
| 020 | _a0131273337 | ||
| 020 | _a0131273418 (TE) | ||
| 020 | _a0131273663 (Lab. manual, TE) | ||
| 040 | _cCAU | ||
| 082 | _a540 PRE 1989 A109 Or. | ||
| 100 | 1 | _aDorin, Henry | |
| 245 | 1 | 0 |
_aPrentice Hall chemistry : _bthe study of matter / |
| 250 | _a4th ed | ||
| 260 |
_aNeedham, Mass. : _bPrentice Hall Inc., _cc1989 |
||
| 300 |
_axv, 816 p. : _bill. (some col.) ; _c27 cm. + _e1 Teacher's ed + 1 Lab. manual, TE. + Teacher's resource + computer test bank |
||
| 650 | 0 | _aChemistry | |
| 700 | 1 | _aDemmin, Peter E | |
| 700 | 1 | _aGabel, Dorothy L | |
| 942 | _cEK | ||
| 999 |
_c16562 _d16562 |
||